[Event "Gibraltar Challengers B 2019"]
[Site "Caleta"]
[Date "2019.01.27"]
[Round "2"]
[White "Gillis Onieva, Celia"]
[Black "Cao Armillas, Jesus"]
[Result "0-1"]
[WhiteElo "1930"]
[BlackElo "2048"]
[Annotator "NA"]
[PlyCount "72"]
[EventDate "2019.01.18"]
[EventType "swiss"]
[EventCountry "GGB"]
[SourceTitle "playchess.com"]
[Source "ChessBase"]
[SourceQuality "1"]
[TimeControl "6600+10"]

1. d4 {[%emt 0:00:00]} Nf6 {[%emt 0:00:00]} 2. c4 {[%emt 0:00:08]} g6 {[%emt 0:00:00]} 3. Nc3 {[%emt 0:00:10]} d5 {[%emt 0:00:05]} 4. cxd5 {[%emt 0:00:23]} Nxd5 {[%emt 0:00:05]} 5. e4 {[%emt 0:00:06]} Nxc3 {[%emt 0:00:03]} 6. bxc3 {[%emt 0:00:10]} Bg7 {[%emt 0:00:03]} 7. Nf3 {[%emt 0:00:20]} O-O {[%emt 0:00:13]} 8. Be2 {[%emt 0:00:24] LiveBook: 444 Games} c5 {[%emt 0:00:57]} 9. Rb1 {[%emt 0:00:08]} b6 {[%emt 0:02:40]} 10. O-O {[%emt 0:00:39]} Bb7 {[%emt 0:00:38]} 11. Qd3 {[%emt 0:00:08]} cxd4 {[%emt 0:08:18]} 12. cxd4 {[%emt 0:00:21]} Qd7 {[%emt 0:01:28]} 13. Bb2 {[%emt 0:05:52] D85: Exchange Grünfeld: Unusual White 7th moves and lines with 7 Nf3} (13. Bf4 e6 14. Rfc1 Nc6 15. d5 exd5 16. exd5 Na5 17. d6 Nc6 18. Qd2 Rac8 19. Bb5 Rfe8 20. Re1 a6 {1-0 (34) Patrici,N (2527)-Biella Bianchi,D (2455) LIPEAP corr 2002}) 13... e6 $146 {[%emt 0:03:53]} ({Predecessor:} 13... Qa4 14. d5 Ba6 15. Qe3 Qxa2 16. Bxg7 Kxg7 17. Qc3+ Kg8 18. Rb2 Qa4 19. Rb4 Qd7 20. Bxa6 Nxa6 {0-1 (33) Mustelin,J-Salokangas,H Tampere 1988}) 14. Rfd1 {[%emt 0:09:17]} Rd8 {[%emt 0:02:49]} 15. Rbc1 {[%emt 0:07:02]} Nc6 {[%emt 0:05:16]} 16. d5 {[%emt 0:30:44]} Bxb2 {[%emt 0:14:14]} 17. dxc6 {[%emt 0:00:22]} Qxd3 {[%emt 0:02:29]} 18. Bxd3 {[%emt 0:04:44]} Bxc1 {[%emt 0:03:13]} 19. cxb7 {[%emt 0:00:45]} Rab8 {[%emt 0:02:13]} 20. Ne5 {[%emt 0:00:27]} Rxb7 {[%emt 0:00:41]} (20... Bb2 $17 21. Nc6 {[#]} Rxd3 $1 {[%mdl 512]} 22. Rxd3 Rxb7) 21. Rxc1 {[%emt 0:03:40]} b5 {[%emt 0:01:54]} 22. Bf1 {[%emt 0:36:52]} Rd2 {[%emt 0:02:28]} 23. Ng4 {[%emt 0:00:38]} f5 {[%emt 0:07:27]} (23... Kg7 $1 $15 24. e5 Rb8) 24. exf5 {[%emt 0:01:10]} exf5 {[%emt 0:01:22]} 25. Nf6+ {[%emt 0:01:47]} Kf7 {[%emt 0:02:18]} 26. Nxh7 {[%emt 0:00:05]} Rxa2 {[%emt 0:00:24]} 27. Rb1 {[%emt 0:01:44]} Kg7 {[%emt 0:02:18]} 28. Ng5 {[%emt 0:00:04]} b4 {[%emt 0:01:04]} 29. h4 {[%emt 0:00:07]} (29. Ne6+ $15 Kh7 30. Nc5) 29... a5 {[%emt 0:02:02]} 30. Bc4 {[%emt 0:00:41]} (30. Ne6+ $142 Kf6 31. Bc4) 30... Rc2 {[%emt 0:01:37]} 31. Bb3 {[%emt 0:00:15]} Rc3 {[%emt 0:00:11]} 32. Ne6+ {[%emt 0:00:28]} Kh6 $11 {[%emt 0:01:17]} (32... Kf6 $5 {[%cal Rc3b3]} 33. Nf4 Kg7 $11) 33. Rd1 {[%emt 0:02:14]} Rxb3 {[%emt 0:01:41]} 34. Nc5 {[%emt 0:00:03]} Rc3 {[%emt 0:00:55]} 35. Nxb7 {[%emt 0:00:07]} a4 {[%emt 0:00:05]} 36. Rd8 {[%emt 0:01:10]} b3 {[%emt 0:00:36]} 0-1

[Event "Gibraltar Challengers B 2019"]
[Site "Caleta"]
[Date "2019.01.27"]
[Round "2"]
[White "Nandi, Robin J"]
[Black "Kukic, Boris"]
[Result "0-1"]
[WhiteElo "1903"]
[BlackElo "2035"]
[Annotator "NA"]
[PlyCount "62"]
[EventDate "2019.01.18"]
[EventType "swiss"]
[EventCountry "GGB"]
[SourceTitle "playchess.com"]
[Source "ChessBase"]
[SourceQuality "1"]
[TimeControl "6600+10"]

1. d4 {[%emt 0:00:29]} d6 {[%emt 0:00:33]} 2. e4 {[%emt 0:00:11]} Nf6 {[%emt 0:00:37]} 3. Nc3 {[%emt 0:00:15]} Nc6 {[%emt 0:00:47]} 4. Be3 {[%emt 0:03:08] B00: Queen's Fianchetto Defence, Nimzowitsch Defence} Ng4 {[%emt 0:01:49]} 5. Bg5 {[%emt 0:00:33]} h6 {[%emt 0:01:54]} 6. Bh4 {[%emt 0:00:21]} Nf6 $146 {[%emt 0:00:09]} ({Predecessor:} 6... g5 7. Bg3 e5 8. Bb5 exd4 9. Qxd4 Qf6 10. e5 dxe5 11. Qa4 Qe6 {1-0 (23) Fedorchuk,S (2638)-Velten,P (2473) Vandoeuvre 2018}) 7. Qd2 {[%emt 0:06:18]} a6 {[%emt 0:00:31]} 8. O-O-O {[%emt 0:06:53]} e6 {[%emt 0:01:24]} 9. f4 {[%emt 0:03:06]} Be7 {[%emt 0:00:16]} 10. Nf3 {[%emt 0:05:37]} d5 {[%emt 0:01:48]} 11. e5 {[%emt 0:16:02]} Nd7 {[%emt 0:00:42]} 12. Bxe7 {[%emt 0:06:19]} Qxe7 {[%emt 0:00:13]} 13. Bd3 {[%emt 0:09:13]} Nb6 {[%emt 0:00:31]} 14. g4 {[%emt 0:02:53]} Bd7 {[%emt 0:00:21]} 15. f5 {[%emt 0:01:35]} O-O-O {[%emt 0:00:13]} 16. Qf4 {[%emt 0:04:55]} Kb8 {[%emt 0:00:45]} 17. h4 {[%emt 0:02:19]} Nb4 {[%emt 0:01:26]} 18. Rhg1 {[%emt 0:07:00]} Nxd3+ {[%emt 0:00:27]} 19. Rxd3 {[%emt 0:00:14]} Nc4 {[%emt 0:00:13]} 20. a3 {[%emt 0:04:11]} g6 {[%emt 0:01:13]} 21. f6 {[%emt 0:05:29]} Qf8 {[%emt 0:00:29]} 22. h5 {[%emt 0:01:34]} g5 {[%emt 0:00:40]} 23. Nxg5 {[%emt 0:00:46]} hxg5 {[%emt 0:00:10]} 24. Qxg5 {[%emt 0:00:02]} c5 {[%emt 0:00:24]} 25. Qf4 {[%emt 0:02:36]} cxd4 {[%emt 0:00:15]} 26. Nxd5 {[%emt 0:01:52]} Qc5 {[%emt 0:03:46]} 27. Ne7 {[%emt 0:01:46]} (27. b4 {was worth a try.} Qc6 28. Ne7) 27... Ba4 {[%emt 0:00:19]} 28. b4 {[%emt 0:05:30]} Qc7 {[%emt 0:01:24]} 29. Rxd4 {[%emt 0:02:38]} Nxe5 {[%emt 0:00:31]} 30. Rxd8+ {[%emt 0:00:19]} Rxd8 {[%emt 0:00:10]} 31. Qe4 {[%emt 0:00:43]} Qc3 {[%emt 0:05:45]} 0-1

[Event "Gibraltar Challengers B 2019"]
[Site "Caleta"]
[Date "2019.01.27"]
[Round "2"]
[White "Gostelow, David W"]
[Black "Bottema, Martin"]
[Result "1/2-1/2"]
[WhiteElo "1850"]
[BlackElo "2104"]
[Annotator "NA"]
[PlyCount "37"]
[EventDate "2019.01.18"]
[EventType "swiss"]
[EventCountry "GGB"]
[SourceTitle "playchess.com"]
[Source "ChessBase"]
[SourceQuality "1"]
[TimeControl "6600+10"]

1. d4 {[%emt 0:00:00]} Nf6 {[%emt 0:00:00]} 2. Bf4 {[%emt 0:00:00]} d5 {[%emt 0:00:44]} 3. e3 {[%emt 0:00:01]} c5 {[%emt 0:00:19]} 4. c3 {[%emt 0:00:44]} Nc6 {[%emt 0:00:22]} 5. Nd2 {[%emt 0:00:23] LiveBook: 1095 Games} e6 {[%emt 0:00:40]} 6. Ngf3 {[%emt 0:00:14]} cxd4 {[%emt 0:01:36]} 7. cxd4 {[%emt 0:07:56] D02: 1 d4 d5 2 Nf3 sidelines, including 2...Nf6 3 g3 and 2...Nf6 3 Bf4} (7. exd4 Nh5 8. Be3 Bd6 9. Bd3 Nf4 10. Bxf4 Bxf4 11. g3 Bd6 12. O-O O-O 13. Re1 Bd7 14. h4 h6 {1-0 (44) Caruana,F (2822)-Aronian,L (2767) chess.com INT 2018}) 7... Qb6 {[%emt 0:00:20]} 8. Qb3 {[%emt 0:05:56]} Qxb3 {[%emt 0:09:01]} 9. Nxb3 {[%emt 0:01:37]} Nh5 {[%emt 0:00:00]} 10. Bc7 $146 {[%emt 0:06:53]} ({Predecessor:} 10. Bg5 f6 11. Bh4 g5 12. Bg3 Nxg3 13. hxg3 Kf7 14. Rc1 Bd6 {½-½ (50) Nemcova,K (2313)-Padmini,R (2375) Khanty-Mansiysk 2017}) 10... Kd7 {[%emt 0:00:54]} 11. Bg3 {[%emt 0:06:29]} Nxg3 {[%emt 0:00:33]} 12. hxg3 {[%emt 0:00:10]} Bb4+ {[%emt 0:00:09]} 13. Kd1 {[%emt 0:01:03]} Ke7 {[%emt 0:00:15]} 14. a3 {[%emt 0:00:50]} Bd6 {[%emt 0:00:33]} 15. Rc1 {[%emt 0:01:46]} Bd7 {[%emt 0:00:51]} 16. Nc5 {[%emt 0:02:55]} Bxc5 {[%emt 0:02:22]} 17. Rxc5 $11 {[%emt 0:01:39]} h6 {[%emt 0:07:21]} 18. Bd3 {[%emt 0:10:29]} Kd6 {[%emt 0:09:42]} 19. b4 {[%emt 0:13:40] Ke5 [%emt 00:01:58]} 1/2-1/2

[Event "Gibraltar Challengers B 2019"]
[Site "Caleta"]
[Date "2019.01.27"]
[Round "2"]
[White "Erdogan, Hassan"]
[Black "Saber, Yasser"]
[Result "1/2-1/2"]
[WhiteElo "1833"]
[BlackElo "2201"]
[Annotator "NA"]
[PlyCount "104"]
[EventDate "2019.01.18"]
[EventType "swiss"]
[EventCountry "GGB"]
[SourceTitle "playchess.com"]
[Source "ChessBase"]
[SourceQuality "1"]
[TimeControl "6600+10"]

1. d4 {[%emt 0:01:35]} d6 {[%emt 0:00:59]} 2. Nf3 {[%emt 0:00:00]} g6 {[%emt 0:01:24]} 3. Bf4 {[%emt 0:00:00]} Bg7 {[%emt 0:00:15]} 4. e3 {[%emt 0:04:01]} f5 {[%emt 0:00:05] LiveBook: 7 Games} 5. Be2 {[%emt 0:02:54] A41: 1 d4 d6: Tartakower System and Modern Defence} (5. c4 Nf6 6. Nc3 O-O 7. h3 h6 8. Be2 Qe8 9. d5 Na6 10. Bh2 Bd7 11. O-O c6 12. dxc6 bxc6 13. Qc2 Nc5 14. Rfd1 g5 15. Rab1 {1-0 (42) Karjakin,S (2783)-Nepomniachtchi,I (2751) chess.com INT 2017}) 5... Nf6 {[%emt 0:00:06]} 6. O-O {[%emt 0:02:12]} O-O {[%emt 0:00:05]} 7. h3 {[%emt 0:02:56]} Ne4 {[%emt 0:02:48]} 8. c3 {[%emt 0:04:46]} Nc6 {[%emt 0:00:43]} 9. Nbd2 {[%emt 0:05:21]} e5 {[%emt 0:00:12]} 10. Bh2 {[%emt 0:00:54]} Nxd2 {[%emt 0:00:12]} 11. Nxd2 {[%emt 0:00:36]} e4 {[%emt 0:00:04]} 12. Qc2 $146 {[%emt 0:03:52]} ({Predecessor:} 12. c4) 12... a5 {[%emt 0:02:26]} 13. a3 {[%emt 0:06:34]} Be6 {[%emt 0:08:56]} 14. b4 {[%emt 0:08:29]} g5 {[%emt 0:06:21]} 15. b5 {[%emt 0:01:43]} Ne7 {[%emt 0:02:29]} 16. a4 {[%emt 0:00:00]} Nd5 {[%emt 0:04:52]} 17. Bc4 {[%emt 0:05:06]} c6 {[%emt 0:03:45]} 18. Rab1 {[%emt 0:02:13]} Kh8 {[%emt 0:03:53]} 19. Qb3 {[%emt 0:04:44]} Rc8 {[%emt 0:04:34]} (19... Re8 $14) 20. Qa3 {[%emt 0:00:00]} Rf6 {[%emt 0:01:43]} ({Black should try} 20... f4 $1 $14) 21. Bxd6 {[%emt 0:17:50]} Nxc3 {[%emt 0:03:45]} 22. Rbc1 {[%emt 0:00:07]} ({Resist} 22. Qxc3 Qxd6 23. Bxe6 (23. Qxa5 Bd5 $16) 23... Qxe6 $16) (22. bxc6 $18 {has better winning chances.} Nxb1 23. Rxb1 bxc6 24. Be7) 22... Bxc4 {[%emt 0:06:41]} 23. Rxc3 {[%emt 0:06:44]} Rxd6 {[%emt 0:11:22]} 24. Rxc4 {[%emt 0:00:19]} g4 {[%emt 0:02:53]} 25. h4 {[%emt 0:12:00]} Bf8 {[%emt 0:03:32] [#]} 26. g3 $1 {[%emt 0:02:00]} Rd5 {[%emt 0:09:34]} 27. Qc1 {[%emt 0:01:08]} Bb4 {[%emt 0:00:12]} 28. Nb3 {[%emt 0:00:23]} Qd6 {[%emt 0:00:42]} 29. Qc2 {[%emt 0:01:12]} Qe6 {[%emt 0:09:46]} 30. Rc1 {[%emt 0:01:55]} Rd6 {[%emt 0:01:11]} 31. Qe2 {[%emt 0:02:40]} Kg8 {[%emt 0:02:36]} 32. Na1 {[%emt 0:00:14]} Rb8 {[%emt 0:06:14]} 33. Nc2 {[%emt 0:00:42]} cxb5 {[%emt 0:04:11]} 34. axb5 {[%emt 0:00:07]} Rc8 {[%emt 0:03:14]} 35. Nxb4 {[%emt 0:00:25]} Rxc4 {[%emt 0:00:02]} 36. Qxc4 {[%emt 0:00:16]} Qxc4 {[%emt 0:00:08]} 37. Rxc4 {[%emt 0:00:04]} axb4 {[%emt 0:00:02]} 38. Rxb4 {[%emt 0:00:07]} Kf7 {[%emt 0:00:26]} 39. Kf1 {[%emt 0:00:02]} Ke6 {[%emt 0:00:06]} 40. Ke2 {[%emt 0:00:06]} Rd7 {[%emt 0:00:34]} (40... Rd8 $142) 41. Rc4 {[%emt 0:02:34]} Rd5 {[%emt 0:00:02]} 42. Rc5 {[%emt 0:01:01]} (42. Rc7 $16 Rxb5 43. Rxh7) 42... Rxc5 {[%emt 0:00:41]} 43. dxc5 {[%emt 0:00:01]} Kd5 {[%emt 0:00:03]} 44. c6 {[%emt 0:00:25]} bxc6 {[%emt 0:00:02]} 45. bxc6 {[%emt 0:00:08]} Kxc6 {[%emt 0:00:01]} 46. Kd2 {[%emt 0:00:47]} Kc5 {[%emt 0:01:14]} 47. Kc3 {[%emt 0:00:01]} h6 {[%emt 0:00:01]} 48. Kb3 {[%emt 0:00:12]} Kb5 {[%emt 0:00:07]} 49. Kc3 $11 {[%emt 0:00:03]} Kc5 {[%emt 0:01:35]} 50. Kb3 {[%emt 0:00:00]} Kb5 {[%emt 0:00:19]} 51. Kc3 {[%emt 0:00:04]} Kc5 {[%emt 0:00:10]} 52. Kb3 {[%emt 0:00:01]} Kd5 {[%emt 0:00:09]} 1/2-1/2

[Event "Gibraltar Challengers B 2019"]
[Site "Caleta"]
[Date "2019.01.27"]
[Round "2"]
[White "Maldonado Mena, German"]
[Black "Alarcon Olmos, Daniel"]
[Result "1-0"]
[WhiteElo "1808"]
[BlackElo "2124"]
[Annotator "ChessBase"]
[PlyCount "145"]
[EventDate "2019.01.18"]
[EventType "swiss"]
[EventCountry "GGB"]
[SourceTitle "playchess.com"]
[Source "ChessBase"]
[SourceQuality "1"]
[TimeControl "6600+10"]

1. Nf3 {[%emt 0:01:05]} d5 {[%emt 0:00:00]} 2. d4 {[%emt 0:00:06]} Nf6 {[%emt 0:02:11]} 3. Bf4 {[%emt 0:00:09]} e6 {[%emt 0:00:15]} 4. e3 {[%emt 0:00:56]} Be7 {[%emt 0:00:21]} 5. Bd3 {[%emt 0:00:15]} b6 {[%emt 0:02:44]} 6. c3 {[%emt 0:00:11]} Nbd7 {[%emt 0:01:58]} 7. Nbd2 {[%emt 0:00:21]} Bb7 {[%emt 0:02:52]} 8. O-O {[%emt 0:02:47]} Nh5 {[%emt 0:07:11]} 9. Be5 {[%emt 0:02:02]} Nhf6 {[%emt 0:02:25]} 10. Bg3 {[%emt 0:01:31]} Ne4 {[%emt 0:03:09]} 11. Bf4 {[%emt 0:03:26]} Ndf6 {[%emt 0:07:25]} 12. Ne5 {[%emt 0:00:40]} O-O {[%emt 0:00:27]} 13. Bb5 {[%emt 0:02:54]} a6 {[%emt 0:17:33]} 14. Nc6 {[%emt 0:04:14]} Qd7 {[%emt 0:00:06]} 15. Nxe7+ {[%emt 0:00:13]} Qxe7 {[%emt 0:00:03]} 16. Bd3 {[%emt 0:00:29]} Nxd2 {[%emt 0:02:51]} 17. Qxd2 {[%emt 0:00:11]} Nh5 {[%emt 0:00:12]} 18. Qe2 {[%emt 0:07:15]} Nxf4 {[%emt 0:05:10]} 19. exf4 {[%emt 0:00:06]} c5 {[%emt 0:00:12]} 20. f5 {[%emt 0:01:09]} Qf6 {[%emt 0:00:30]} 21. fxe6 {[%emt 0:01:23]} cxd4 {[%emt 0:07:21]} 22. cxd4 {[%emt 0:01:59]} Qxd4 {[%emt 0:00:42]} 23. exf7+ {[%emt 0:01:06]} Rxf7 {[%emt 0:00:11]} 24. Rad1 {[%emt 0:01:54]} Qf6 {[%emt 0:01:24]} 25. Rfe1 {[%emt 0:00:21]} d4 {[%emt 0:01:17]} 26. Bc4 {[%emt 0:00:29]} Raf8 {[%emt 0:00:20]} 27. Bxf7+ {[%emt 0:00:40]} Qxf7 {[%emt 0:03:14]} 28. Qe6 {[%emt 0:00:16]} Rd8 {[%emt 0:00:05]} 29. Qxb6 {[%emt 0:00:46]} Rf8 {[%emt 0:05:41]} 30. Qe6 {[%emt 0:02:01]} Rd8 {[%emt 0:00:13]} 31. Qxf7+ {[%emt 0:03:48]} Kxf7 {[%emt 0:00:02]} 32. Rd3 {[%emt 0:00:10]} Kf6 {[%emt 0:00:04]} 33. f3 {[%emt 0:04:22]} a5 {[%emt 0:00:07]} 34. Rc1 {[%emt 0:00:52]} Rd5 {[%emt 0:02:49]} 35. Rc7 {[%emt 0:01:26]} Ba8 {[%emt 0:00:08]} 36. Ra7 {[%emt 0:01:54]} Bc6 {[%emt 0:01:19]} 37. Ra6 {[%emt 0:00:09]} Rd6 {[%emt 0:00:21]} 38. Rxa5 {[%emt 0:00:11]} Bd7 {[%emt 0:00:01]} 39. g4 {[%emt 0:00:30]} g5 {[%emt 0:00:51]} 40. Rc5 {[%emt 0:01:27]} Be8 {[%emt 0:00:15]} 41. Rf5+ {[%emt 0:01:35]} Ke6 {[%emt 0:00:01]} 42. Rxg5 {[%emt 0:00:49]} Bg6 {[%emt 0:00:01]} 43. Rxg6+ {[%emt 0:00:56]} hxg6 {[%emt 0:00:02]} 44. Kf2 {[%emt 0:04:11]} Kd5 {[%emt 0:01:18]} 45. b3 {[%emt 0:00:57]} g5 {[%emt 0:02:01]} 46. Rd2 {[%emt 0:03:41]} Re6 {[%emt 0:01:07]} 47. Kg3 {[%emt 0:04:02]} Re3 {[%emt 0:00:18]} 48. h4 {[%emt 0:02:24]} gxh4+ {[%emt 0:02:51]} 49. Kxh4 {[%emt 0:00:00]} Rxf3 {[%emt 0:01:31]} 50. g5 {[%emt 0:00:00]} d3 {[%emt 0:00:41]} 51. Kg4 {[%emt 0:00:00]} Ke4 {[%emt 0:00:42]} 52. g6 {[%emt 0:00:00]} Rf1 {[%emt 0:00:43]} 53. Rg2 {[%emt 0:09:54]} Ke3 {[%emt 0:00:29]} 54. g7 {[%emt 0:00:48]} d2 {[%emt 0:00:08]} 55. g8=Q {[%emt 0:00:28]} d1=Q+ {[%emt 0:00:03]} 56. Kg5 {[%emt 0:00:10]} Qd7 {[%emt 0:00:39]} 57. Rg3+ {[%emt 0:02:10]} Kd2 {[%emt 0:00:17]} 58. Rg2+ {[%emt 0:01:36]} Ke1 {[%emt 0:00:03]} 59. Qg6 {[%emt 0:10:17]} Qd8+ {[%emt 0:02:48]} 60. Kh5 {[%emt 0:06:45]} Qh8+ {[%emt 0:00:28]} 61. Kg4 {[%emt 0:00:58]} Qd4+ {[%emt 0:00:58]} 62. Kh3 {[%emt 0:01:40]} Qh8+ {[%emt 0:15:22]} 63. Kg4 {[%emt 0:02:23]} Qc8+ {[%emt 0:00:52]} 64. Kg3 {[%emt 0:01:02]} Qc7+ {[%emt 0:00:16]} 65. Kh3 {[%emt 0:00:30]} Rh1+ {[%emt 0:00:32]} 66. Kg4 {[%emt 0:00:10]} Qd7+ {[%emt 0:01:09]} 67. Kf3 {[%emt 0:01:04]} Rf1+ {[%emt 0:01:05]} 68. Ke3 {[%emt 0:00:50]} Qa7+ {[%emt 0:00:31]} 69. Ke4 {[%emt 0:01:18]} Qb7+ {[%emt 0:00:19]} 70. Kd3 {[%emt 0:00:27]} Rf3+ {[%emt 0:00:12]} 71. Kc2 {[%emt 0:00:06]} Qc8+ {[%emt 0:00:10]} 72. Kb1 {[%emt 0:00:05]} Qc7 {[%emt 0:00:10]} 73. Qe4+ {[%emt 0:00:11]} 1-0

[Event "Gibraltar Challengers B 2019"]
[Site "Caleta"]
[Date "2019.01.27"]
[Round "2"]
[White "Sidali, Elias Hulleberg"]
[Black "Orndahl, Mats"]
[Result "1/2-1/2"]
[WhiteElo "1783"]
[BlackElo "2160"]
[Annotator "ChessBase"]
[PlyCount "65"]
[EventDate "2019.01.18"]
[EventType "swiss"]
[EventCountry "GGB"]
[SourceTitle "playchess.com"]
[Source "ChessBase"]
[SourceQuality "1"]
[TimeControl "6600+10"]

1. e4 {[%emt 0:00:00]} c5 {[%emt 0:03:12]} 2. Nf3 {[%emt 0:00:00]} e6 {[%emt 0:00:04]} 3. Qe2 {[%emt 0:00:06]} Nc6 {[%emt 0:02:36]} 4. g3 {[%emt 0:00:14]} Nge7 {[%emt 0:05:29]} 5. Bg2 {[%emt 0:00:09]} d5 {[%emt 0:00:37]} 6. d3 {[%emt 0:01:23]} g6 {[%emt 0:02:38]} 7. O-O {[%emt 0:09:26]} Bg7 {[%emt 0:00:08]} 8. e5 {[%emt 0:03:28]} O-O {[%emt 0:01:40]} 9. h4 {[%emt 0:01:05]} h6 {[%emt 0:09:12]} 10. Bf4 {[%emt 0:02:13]} Nf5 {[%emt 0:01:54]} 11. c4 {[%emt 0:05:23]} a6 {[%emt 0:07:53]} 12. Nc3 {[%emt 0:03:01]} Ncd4 {[%emt 0:15:07]} 13. Nxd4 {[%emt 0:00:32]} cxd4 {[%emt 0:00:15]} 14. Nb1 {[%emt 0:03:01]} Re8 {[%emt 0:03:50]} 15. Qd2 {[%emt 0:04:12]} Kh7 {[%emt 0:01:06]} 16. Na3 {[%emt 0:00:50]} Ra7 {[%emt 0:07:19]} 17. Rac1 {[%emt 0:01:20]} b6 {[%emt 0:02:01]} 18. cxd5 {[%emt 0:04:24]} exd5 {[%emt 0:00:19]} 19. Nc2 {[%emt 0:01:26]} Rae7 {[%emt 0:05:28]} 20. g4 {[%emt 0:04:53]} Nxh4 {[%emt 0:00:17]} 21. Nxd4 {[%emt 0:00:05]} Bb7 {[%emt 0:04:58]} 22. Nc6 {[%emt 0:00:21]} Bxc6 {[%emt 0:00:16]} 23. Rxc6 {[%emt 0:00:06]} Nxg2 {[%emt 0:00:49]} 24. Kxg2 {[%emt 0:02:51]} Qd7 {[%emt 0:01:07]} 25. Rxb6 {[%emt 0:00:24]} Qxg4+ {[%emt 0:00:13]} 26. Bg3 {[%emt 0:00:05]} Bxe5 {[%emt 0:01:48]} 27. Rh1 {[%emt 0:05:24]} h5 {[%emt 0:05:03]} 28. Rh4 {[%emt 0:01:19]} Qf5 {[%emt 0:04:51]} 29. Bxe5 {[%emt 0:00:56]} Rxe5 {[%emt 0:07:13]} 30. Qf4 {[%emt 0:00:15]} R8e6 {[%emt 0:02:27]} 31. Qxf5 {[%emt 0:01:05]} Rxf5 {[%emt 0:00:08]} 32. Rxe6 {[%emt 0:00:44]} fxe6 {[%emt 0:00:29]} 33. Ra4 {[%emt 0:00:08]} 1/2-1/2

[Event "Gibraltar Challengers B 2019"]
[Site "Caleta"]
[Date "2019.01.27"]
[Round "2"]
[White "Tkadlecek, Petr"]
[Black "Herzwurm, Robert"]
[Result "1/2-1/2"]
[WhiteElo "1719"]
[BlackElo "2021"]
[Annotator "NA"]
[PlyCount "46"]
[EventDate "2019.01.18"]
[EventType "swiss"]
[EventCountry "GGB"]
[SourceTitle "playchess.com"]
[Source "ChessBase"]
[SourceQuality "1"]
[TimeControl "6600+10"]

1. d4 {[%emt 0:00:22]} Nf6 {[%emt 0:00:06]} 2. Nf3 {[%emt 0:00:08]} g6 {[%emt 0:00:18]} 3. Bf4 {[%emt 0:00:20]} Bg7 {[%emt 0:00:12]} 4. e3 {[%emt 0:00:22]} O-O {[%emt 0:00:47]} 5. Bd3 {[%emt 0:00:43]} d5 {[%emt 0:00:34]} 6. O-O {[%emt 0:00:30] LiveBook: 6 Games} c5 {[%emt 0:02:15] D02: 1 d4 d5 2 Nf3 sidelines, including 2...Nf6 3 g3 and 2...Nf6 3 Bf4} (6... Bg4 7. Nbd2 c6 8. h3 Bxf3 9. Nxf3 Qb6 10. b3 Nbd7 11. c4 e6 12. Rb1 Rfe8 13. Bh2 Ne4 14. Qc2 f5 15. c5 Qd8 {½-½ (53) Sandipan,C (2594)-Yu,Y (2675) Dubai 2014}) 7. c3 {[%emt 0:00:16]} Nc6 {[%emt 0:00:50]} 8. h3 {[%emt 0:02:27]} Nd7 {[%emt 0:01:01]} 9. Bc2 {[%emt 0:02:30]} e5 {[%emt 0:02:55]} 10. dxe5 {[%emt 0:00:39]} Ndxe5 {[%emt 0:00:42]} 11. Nxe5 {[%emt 0:00:45]} Nxe5 {[%emt 0:00:14]} 12. Nd2 {[%emt 0:03:58]} Be6 $146 {[%emt 0:00:39]} ({Predecessor:} 12... b6 13. a4 Ba6 14. Re1 Nc6 15. Nf3 {0-1 (44) Campos Lopez,M (2355)-Fedorowicz,J (2360) Mexico 1978}) 13. a4 {[%emt 0:02:52]} Qd7 {[%emt 0:01:47]} 14. Qe2 {[%emt 0:06:25]} Rfd8 {[%emt 0:10:56]} 15. Rfd1 {[%emt 0:09:39]} Rac8 {[%emt 0:09:06]} 16. Bg5 $11 {[%emt 0:01:55]} Re8 {[%emt 0:00:11]} 17. Ne4 {[%emt 0:16:35]} Bf5 {[%emt 0:00:14]} 18. Nf6+ {[%emt 0:00:00]} Bxf6 {[%emt 0:00:09]} 19. Bxf6 {[%emt 0:00:16]} Bxc2 {[%emt 0:18:25]} 20. Qxc2 {[%emt 0:01:24]} Qe6 {[%emt 0:06:03]} 21. Bxe5 {[%emt 0:02:06]} Qxe5 {[%emt 0:03:07]} 22. Qb3 {[%emt 0:01:03]} Red8 {[%emt 0:01:03]} 23. Qxb7 {[%emt 0:00:03]} Rb8 {[%emt 0:00:01]} 1/2-1/2

[Event "Gibraltar Challengers B 2019"]
[Site "Caleta"]
[Date "2019.01.28"]
[Round "3"]
[White "Villar Reymundo, Juan Antonio"]
[Black "Bub, Volker"]
[Result "0-1"]
[WhiteElo "2237"]
[BlackElo "2108"]
[Annotator "TA"]
[PlyCount "53"]
[EventDate "2019.01.18"]
[EventType "swiss"]
[EventCountry "GGB"]
[SourceTitle "playchess.com"]
[Source "ChessBase"]
[SourceQuality "1"]

{[%evp 16,53,58,50,88,82,76,61,75,40,32,31,43,53,72,19,68,18,26,16,22,18,47,51,24,0,0,0,0,-9,-15,-38,25,0,33,40,133,55,142,136]} 1. d4 Nf6 2. Nf3 g6 3. g3 Bg7 4. Bg2 O-O 5. O-O d6 6. b3 Nbd7 7. Bb2 e5 8. dxe5 Ng4 9. c4 {LiveBook: 167 Games} Rb8 {[%cal Rd7e5] E60: King's Indian: Unusual lines and Fianchetto Variation without Nc3} (9... Ngxe5 10. Nc3 Re8 11. Qd2 Nxf3+ 12. Bxf3 Nc5 13. Rfe1 a5 14. Rad1 Be6 15. Nb5 Bxb2 16. Qxb2 Bd7 17. Nc3 Qf6 18. Qd2 Bc6 19. Bxc6 bxc6 20. e4 Rab8 21. Rb1 Rb4 22. Re3 Reb8 23. Rbe1 a4 24. e5 Qd8 25. Nb5 Na6 26. exd6 cxb5 27. d7 {1-0 (27) Mamedyarov,S (2799)-Haddouche,M (2505) Riadh 2017}) 10. Nc3 Ngxe5 11. Qd2 a6 {White is slightly better.} 12. Nd4 Nc5 13. h3 $146 ({Predecessor:} 13. Rfd1 Bd7 14. Nd5 b5 15. cxb5 Bxb5 16. Nxb5 Rxb5 17. f4 Nc4 18. bxc4 Rxb2 {0-1 (25) Giacomini,H (2278)-Bacon,N (2180) France 2005}) 13... Ne6 14. e3 Bd7 15. Rac1 ({White should try} 15. f4 $16 Nc6 16. Nxe6 fxe6 17. g4) 15... f5 16. Nd5 Nc5 $1 17. Ba3 Ne4 18. Qc2 c5 19. Ne2 b5 20. f3 $36 {[%mdl 2048] White fights for an advantage.} Nf6 21. f4 Nf7 22. Rcd1 Re8 23. Bc1 bxc4 (23... Nxd5 $15 24. Bxd5 Qf6) 24. bxc4 Qa5 25. Nec3 Be6 (25... Nxd5 $14 26. Nxd5 Ba4) 26. Rd3 ({White should play} 26. Nxf6+ $16 Bxf6 27. Nd5) 26... Nxd5 (26... Nh5 $14) 27. Nxd5 {[%mdl 32768] Accuracy: White = 36%, Black = 23%. . Loss on time!?} 0-1